Diccionario de la actualidad mundial

Salvato in:
Dettagli Bibliografici
Autore principale: Iturburú, Córdova (Autore)
Natura: Libro
Lingua:spagnolo
Pubblicazione: Buenos Aires Atlántida 1947
Soggetti:
Tags: Aggiungi Tag
Nessun Tag, puoi essere il primo ad aggiungerne!!

MARC

LEADER 00000nam a2200000 a 4500
001 UCT3070
003 CL-VaPUC
008 961018e19470000AG |||||||||||||||||spa|d
082 0 4 |a 903  |b ITU  |2 21 
100 0 |a Iturburú, Córdova  |e author  |9 372055 
245 1 0 |a Diccionario de la actualidad mundial 
300 |a 429 p 
942 |c BK 
945 |d 19961018 00:00:00  |a cmena 
260 |a Buenos Aires  |b Atlántida  |c 1947 
650 0 |a Historia  |9 255047 
650 0 |a Diccionarios  |9 256200 
650 0 |a Glosarios  |9 261047 
650 0 |a Historia y estudios conexos  |9 338055 
650 0 |a Historia moderna  |9 268036 
583 |a last modification  |c 19961018 00:00:00  |k Rodrigo Vera 
999 |c 252893  |d 252891 
952 |0 0  |1 0  |4 0  |6 903_000000000000000_ITU_1947  |7 0  |8 X  |9 273062  |a BIBCUR  |b BIBCUR  |d 2019-11-19  |i 1771418  |o 903 ITU 1947  |p 1771418  |r 2025-04-22  |w 2019-11-19  |y BK_X  |k BCB